Ekonomické aspekty riadenia kvality (vplyv štruktúry nákladov na kvalitu na zisk) dizertačná práca

Enregistré dans:
Détails bibliographiques
Auteur principal: Pudło, Patrycja
Collectivité auteur: Ekonomická univerzita v Bratislave. Podnikovohospodárska fakulta so sídlom v Košiciach
Autres auteurs: Mizla, Martin, 1955-
Format: Livre
Langue:slovaque
Publié: Bratislava 2009
Sujets:
Tags: Ajouter un tag
Pas de tags, Soyez le premier à ajouter un tag!

MARC

LEADER 00000nam$a2200000$$$4500
001 0106355
005 20221207101030.2
041 0 |a slo 
044 |a SK 
245 1 0 |a Ekonomické aspekty riadenia kvality (vplyv štruktúry nákladov na kvalitu na zisk)  |b dizertačná práca  |c Patrycja Pudło ; škol. Martin Mizla 
264 1 |a Bratislava  |c 2009 
300 |a 156 s. 
610 2 0 |a riadenie kvality 
610 2 0 |a náklady 
610 2 0 |a zisk 
100 1 |a Pudło, Patrycja 
700 1 |a Mizla, Martin, 1955- 
710 2 |a Ekonomická univerzita v Bratislave. Podnikovohospodárska fakulta so sídlom v Košiciach